[Event "Deutsche Ländermeisterschaft 2022"]
[Site "Wiesbaden GER"]
[Date "2022.10.02"]
[Round "3"]
[White "Bornholdt, Joa Max"]
[Black "Lutsko, Artem"]
[Result "1/2-1/2"]
[Termination "normal"]
[Board "1.1"]
[BlackTitle "IM"]
[WhiteElo "2196"]
[BlackElo "2431"]
[WhiteClock "00:14:24"]
[BlackClock "00:08:13"]
[WhiteTeam "Schleswig-Holstein"]
[BlackTeam "Bayern"]
[PlyCount "62"]
[WhiteFideId "16253477"]
[BlackFideId "14188767"]
[EventCountry "GER"]
[EventRounds "7"]
[EventType "team-swiss"]
[EventDate "2022.09.30"]

1. d4 {[%clk 1:30:51]} Nf6 {[%clk 1:30:56]} 2. Nf3 {[%clk 1:31:00]} e6 {[%clk
1:29:36]} 3. g3 {[%clk 1:31:11]} d5 {[%clk 1:25:41]} 4. Bg2 {[%clk 1:31:18]} c5
{[%clk 1:21:12]} 5. O-O {[%clk 1:31:31]} cxd4 {[%clk 1:21:15]} 6. Nxd4 {[%clk
1:31:41]} e5 {[%clk 1:21:26]} 7. Nb3 {[%clk 1:31:58]} Be6 {[%clk 1:20:02]} 8.
Nc3 {[%clk 1:31:28]} Be7 {[%clk 1:19:05]} 9. Bg5 {[%clk 1:22:47]} Nbd7 {[%clk
1:19:31]} 10. f4 {[%clk 1:20:17]} exf4 {[%clk 1:15:39]} 11. gxf4 {[%clk
1:19:53]} g6 {[%clk 1:13:50]} 12. Kh1 {[%clk 1:15:08]} h6 {[%clk 1:12:45]} 13.
Bh4 {[%clk 1:13:36]} Nb6 {[%clk 1:07:08]} 14. Nd4 {[%clk 1:05:07]} Bg4 {[%clk
0:59:25]} 15. Qd3 {[%clk 0:59:04]} O-O {[%clk 0:59:46]} 16. Rg1 {[%clk
0:50:48]} Kh8 {[%clk 0:48:34]} 17. Rad1 {[%clk 0:45:18]} Rc8 {[%clk 0:43:21]}
18. h3 {[%clk 0:35:26]} Bh5 {[%clk 0:40:03]} 19. Nf3 {[%clk 0:30:57]} Nc4
{[%clk 0:38:46]} 20. Qd4 {[%clk 0:24:08]} Kh7 {[%clk 0:38:54]} 21. b3 {[%clk
0:20:22]} Nd6 {[%clk 0:38:39]} 22. Nxd5 {[%clk 0:20:04]} Nxd5 {[%clk 0:37:53]}
23. Qxd5 {[%clk 0:19:16]} Bxh4 {[%clk 0:36:40]} 24. Qxd6 {[%clk 0:19:40]} Qxd6
{[%clk 0:36:12]} 25. Rxd6 {[%clk 0:19:43]} Bg3 {[%clk 0:36:37]} 26. c4 {[%clk
0:17:23]} Rc7 {[%clk 0:32:07]} 27. Rgd1 {[%clk 0:17:17]} Bxf4 {[%clk 0:32:32]}
28. Rd7 {[%clk 0:17:25]} Rfc8 {[%clk 0:32:30]} 29. Kg1 {[%clk 0:16:21]} Bg3
{[%clk 0:27:40]} 30. Kf1 {[%clk 0:16:12]} Kg7 {[%clk 0:25:30]} 31. R1d5 {[%clk
0:14:24]} Bxf3 {[%clk 0:08:13]} 1/2-1/2

[Event "Deutsche Ländermeisterschaft 2022"]
[Site "Wiesbaden GER"]
[Date "2022.10.02"]
[Round "3"]
[White "Kolb, Tobias"]
[Black "Sommer, Justus"]
[Result "1-0"]
[Termination "normal"]
[Board "1.2"]
[WhiteTitle "FM"]
[WhiteElo "2357"]
[BlackElo "2122"]
[WhiteClock "00:34:55"]
[BlackClock "00:10:51"]
[WhiteTeam "Bayern"]
[BlackTeam "Schleswig-Holstein"]
[PlyCount "67"]
[WhiteFideId "12992321"]
[BlackFideId "16245008"]
[EventCountry "GER"]
[EventRounds "7"]
[EventType "team-swiss"]
[EventDate "2022.09.30"]

1. d4 {[%clk 1:30:59]} d5 {[%clk 1:30:36]} 2. c4 {[%clk 1:31:27]} e6 {[%clk
1:30:55]} 3. Nc3 {[%clk 1:31:54]} Nf6 {[%clk 1:31:15]} 4. cxd5 {[%clk 1:32:21]}
exd5 {[%clk 1:31:39]} 5. Bg5 {[%clk 1:32:49]} Be7 {[%clk 1:31:46]} 6. e3 {[%clk
1:33:17]} h6 {[%clk 1:31:25]} 7. Bh4 {[%clk 1:33:01]} O-O {[%clk 1:31:07]} 8.
Bd3 {[%clk 1:33:01]} c6 {[%clk 1:30:11]} 9. Nge2 {[%clk 1:33:03]} Re8 {[%clk
1:30:20]} 10. O-O {[%clk 1:33:29]} Nbd7 {[%clk 1:30:07]} 11. a4 {[%clk
1:26:58]} a5 {[%clk 1:23:32]} 12. f3 {[%clk 1:26:47]} Qb6 {[%clk 1:11:49]} 13.
Bf2 {[%clk 1:11:37]} Nf8 {[%clk 1:04:08]} 14. Qd2 {[%clk 1:07:11]} Bb4 {[%clk
0:59:16]} 15. Kh1 {[%clk 1:06:41]} Ne6 {[%clk 0:55:28]} 16. e4 {[%clk 1:03:24]}
dxe4 {[%clk 0:45:47]} 17. fxe4 {[%clk 1:02:35]} Ng5 {[%clk 0:43:33]} 18. e5
{[%clk 0:59:01]} Nfe4 {[%clk 0:40:21]} 19. Qf4 {[%clk 0:59:09]} Nxf2+ {[%clk
0:39:43]} 20. Rxf2 {[%clk 0:59:35]} Be6 {[%clk 0:38:22]} 21. h4 {[%clk
0:49:19]} Nh7 {[%clk 0:38:00]} 22. Qe4 {[%clk 0:45:12]} Nf8 {[%clk 0:37:19]}
23. Nf4 {[%clk 0:44:46]} Bb3 {[%clk 0:34:57]} 24. Nh5 {[%clk 0:43:36]} Be6
{[%clk 0:24:24]} 25. Rf3 {[%clk 0:40:43]} Rad8 {[%clk 0:21:58]} 26. Rg3 {[%clk
0:40:13]} Ng6 {[%clk 0:21:43]} 27. Ne2 {[%clk 0:37:52]} Bd5 {[%clk 0:19:33]}
28. Qe3 {[%clk 0:36:23]} Rxe5 {[%clk 0:16:03]} 29. dxe5 {[%clk 0:36:39]} Bc5
{[%clk 0:16:27]} 30. Qc1 {[%clk 0:35:07]} Bf2 {[%clk 0:15:50]} 31. Bxg6 {[%clk
0:35:07]} fxg6 {[%clk 0:10:31]} 32. Rxg6 {[%clk 0:34:54]} Be3 {[%clk 0:10:35]}
33. Rxg7+ {[%clk 0:34:41]} Kh8 {[%clk 0:10:51]} 34. Qc2 {[%clk 0:34:55]} 1-0

[Event "Deutsche Ländermeisterschaft 2022"]
[Site "Wiesbaden GER"]
[Date "2022.10.02"]
[Round "3"]
[White "Bosselmann, Tom Linus"]
[Black "Schneider, Jana"]
[Result "1/2-1/2"]
[Termination "normal"]
[Board "1.3"]
[BlackTitle "FM"]
[WhiteElo "2061"]
[BlackElo "2323"]
[WhiteClock "00:39:12"]
[BlackClock "00:29:11"]
[WhiteTeam "Schleswig-Holstein"]
[BlackTeam "Bayern"]
[PlyCount "101"]
[WhiteFideId "12983845"]
[BlackFideId "12924997"]
[EventCountry "GER"]
[EventRounds "7"]
[EventType "team-swiss"]
[EventDate "2022.09.30"]

1. e4 {[%clk 1:30:57]} e5 {[%clk 1:30:19]} 2. f4 {[%clk 1:31:22]} exf4 {[%clk
1:30:33]} 3. Nf3 {[%clk 1:31:46]} d5 {[%clk 1:29:59]} 4. exd5 {[%clk 1:32:08]}
Nf6 {[%clk 1:30:21]} 5. Bb5+ {[%clk 1:31:13]} c6 {[%clk 1:30:41]} 6. dxc6
{[%clk 1:31:37]} Nxc6 {[%clk 1:31:05]} 7. d4 {[%clk 1:30:51]} Bd6 {[%clk
1:31:02]} 8. O-O {[%clk 1:30:59]} O-O {[%clk 1:30:57]} 9. Nbd2 {[%clk 1:29:58]}
Bc7 {[%clk 1:20:47]} 10. c3 {[%clk 1:29:14]} Bg4 {[%clk 1:14:28]} 11. Bd3
{[%clk 1:23:52]} Re8 {[%clk 1:07:42]} 12. Re1 {[%clk 1:14:40]} Qd5 {[%clk
1:04:21]} 13. Rxe8+ {[%clk 0:58:49]} Rxe8 {[%clk 1:04:44]} 14. Qb3 {[%clk
0:58:05]} Bb6 {[%clk 0:50:48]} 15. Qxd5 {[%clk 0:48:55]} Nxd5 {[%clk 0:51:11]}
16. Ne4 {[%clk 0:46:49]} Re7 {[%clk 0:35:22]} 17. Bd2 {[%clk 0:40:30]} h6
{[%clk 0:34:46]} 18. Re1 {[%clk 0:39:19]} Bxf3 {[%clk 0:29:11]} 19. gxf3 {[%clk
0:39:12]} g5 {[%clk 0:29:11]} 20. Kg2 {[%clk 0:39:12]} Bc7 {[%clk 0:29:11]} 21.
b4 {[%clk 0:39:12]} Kg7 {[%clk 0:29:11]} 22. b5 {[%clk 0:39:12]} Nd8 {[%clk
0:29:11]} 23. c4 {[%clk 0:39:12]} Nf6 {[%clk 0:29:11]} 24. Bb4 {[%clk 0:39:12]}
Rd7 {[%clk 0:29:11]} 25. Nxf6 {[%clk 0:39:12]} Kxf6 {[%clk 0:29:11]} 26. Bc3
{[%clk 0:39:12]} Re7 {[%clk 0:29:11]} 27. d5+ {[%clk 0:39:12]} Be5 {[%clk
0:29:11]} 28. Bb4 {[%clk 0:39:12]} Rd7 {[%clk 0:29:11]} 29. Be4 {[%clk
0:39:12]} b6 {[%clk 0:29:11]} 30. c5 {[%clk 0:39:12]} bxc5 {[%clk 0:29:11]} 31.
Bxc5 {[%clk 0:39:12]} Rc7 {[%clk 0:29:11]} 32. Bf2 {[%clk 0:39:12]} Ke7 {[%clk
0:29:11]} 33. b6 {[%clk 0:39:12]} axb6 {[%clk 0:29:11]} 34. Bxb6 {[%clk
0:39:12]} Rd7 {[%clk 0:29:11]} 35. Bc5+ {[%clk 0:39:12]} Kf6 {[%clk 0:29:11]}
36. Rb1 {[%clk 0:39:12]} Nb7 {[%clk 0:29:11]} 37. Rb6+ {[%clk 0:39:12]} Kg7
{[%clk 0:29:11]} 38. Bb4 {[%clk 0:39:12]} Nd6 {[%clk 0:29:11]} 39. Bd3 {[%clk
0:39:12]} Nc8 {[%clk 0:29:11]} 40. Rb5 {[%clk 0:39:12]} Ne7 {[%clk 0:29:11]}
41. d6 {[%clk 0:39:12]} Bxd6 {[%clk 0:29:11]} 42. Bc3+ {[%clk 0:39:12]} f6
{[%clk 0:29:11]} 43. Be4 {[%clk 0:39:12]} Ra7 {[%clk 0:29:11]} 44. Ra5 {[%clk
0:39:12]} Rc7 {[%clk 0:29:11]} 45. Bb2 {[%clk 0:39:12]} Kf7 {[%clk 0:29:11]}
46. a4 {[%clk 0:39:12]} f5 {[%clk 0:29:11]} 47. Bd3 {[%clk 0:39:12]} Ke6 {[%clk
0:29:11]} 48. Rb5 {[%clk 0:39:12]} Nd5 {[%clk 0:29:11]} 49. Bxf5+ {[%clk
0:39:12]} Kxf5 {[%clk 0:29:11]} 50. Rxd5+ {[%clk 0:39:12]} Ke6 {[%clk 0:29:11]}
51. Rb5 {[%clk 0:39:12]} 1/2-1/2

[Event "Deutsche Ländermeisterschaft 2022"]
[Site "Wiesbaden GER"]
[Date "2022.10.02"]
[Round "3"]
[White "Huber, Benedikt"]
[Black "Falke, Ornella"]
[Result "1-0"]
[Termination "normal"]
[Board "1.4"]
[WhiteTitle "FM"]
[WhiteElo "2299"]
[BlackElo "1953"]
[WhiteClock "00:12:34"]
[BlackClock "00:02:42"]
[WhiteTeam "Bayern"]
[BlackTeam "Schleswig-Holstein"]
[PlyCount "69"]
[WhiteFideId "12923583"]
[BlackFideId "16207092"]
[EventCountry "GER"]
[EventRounds "7"]
[EventType "team-swiss"]
[EventDate "2022.09.30"]

1. e4 {[%clk 1:30:57]} e5 {[%clk 1:30:16]} 2. Nf3 {[%clk 1:31:14]} Nc6 {[%clk
1:30:39]} 3. Bc4 {[%clk 1:31:33]} Nf6 {[%clk 1:30:42]} 4. d3 {[%clk 1:31:54]}
Bc5 {[%clk 1:30:56]} 5. Bg5 {[%clk 1:32:15]} h6 {[%clk 1:29:49]} 6. Bh4 {[%clk
1:32:39]} d6 {[%clk 1:28:27]} 7. c3 {[%clk 1:32:36]} a6 {[%clk 1:27:01]} 8.
Nbd2 {[%clk 1:32:35]} Ba7 {[%clk 1:26:16]} 9. O-O {[%clk 1:32:12]} g5 {[%clk
1:25:12]} 10. Bg3 {[%clk 1:32:37]} Na5 {[%clk 1:08:31]} 11. Bd5 {[%clk
1:25:16]} c6 {[%clk 1:07:23]} 12. Bxf7+ {[%clk 1:25:28]} Kxf7 {[%clk 1:07:10]}
13. b4 {[%clk 1:25:52]} Be6 {[%clk 1:02:30]} 14. bxa5 {[%clk 1:12:40]} Qxa5
{[%clk 1:02:34]} 15. d4 {[%clk 1:12:59]} g4 {[%clk 0:49:29]} 16. dxe5 {[%clk
1:12:48]} gxf3 {[%clk 0:49:21]} 17. exf6 {[%clk 1:12:55]} Qxc3 {[%clk 0:48:56]}
18. Nxf3 {[%clk 1:06:01]} Rad8 {[%clk 0:41:51]} 19. e5 {[%clk 1:00:52]} dxe5
{[%clk 0:30:33]} 20. Qe2 {[%clk 0:55:37]} Bb8 {[%clk 0:27:41]} 21. Rfe1 {[%clk
0:32:25]} Rd5 {[%clk 0:25:27]} 22. Rac1 {[%clk 0:27:49]} Qd3 {[%clk 0:21:24]}
23. Qb2 {[%clk 0:26:58]} Rb5 {[%clk 0:20:26]} 24. Qa1 {[%clk 0:27:01]} Qf5
{[%clk 0:16:27]} 25. Bxe5 {[%clk 0:25:51]} Rg8 {[%clk 0:14:28]} 26. Qc3 {[%clk
0:19:47]} Bd5 {[%clk 0:08:21]} 27. Bxb8 {[%clk 0:13:59]} Qxf3 {[%clk 0:06:57]}
28. Re7+ {[%clk 0:14:20]} Kf8 {[%clk 0:07:17]} 29. Re8+ {[%clk 0:12:23]} Kf7
{[%clk 0:06:05]} 30. Qxf3 {[%clk 0:12:39]} Kxe8 {[%clk 0:03:31]} 31. Qe3+
{[%clk 0:12:29]} Kf7 {[%clk 0:03:40]} 32. Bg3 {[%clk 0:12:05]} Kxf6 {[%clk
0:02:49]} 33. Qxh6+ {[%clk 0:12:09]} Rg6 {[%clk 0:02:48]} 34. Qf8+ {[%clk
0:12:14]} Bf7 {[%clk 0:02:42]} 35. Bh4+ {[%clk 0:12:34]} 1-0

[Event "Deutsche Ländermeisterschaft 2022"]
[Site "Wiesbaden GER"]
[Date "2022.10.02"]
[Round "3"]
[White "Malinowsky, Levi"]
[Black "Stichter, Constantin Paul"]
[Result "1/2-1/2"]
[Termination "normal"]
[Board "1.5"]
[WhiteElo "1879"]
[BlackElo "1620"]
[WhiteClock "00:00:53"]
[BlackClock "00:01:47"]
[WhiteTeam "Schleswig-Holstein"]
[BlackTeam "Bayern"]
[PlyCount "117"]
[WhiteFideId "16253094"]
[BlackFideId "34603140"]
[EventCountry "GER"]
[EventRounds "7"]
[EventType "team-swiss"]
[EventDate "2022.09.30"]

1. e4 {[%clk 1:30:57]} e6 {[%clk 1:30:59]} 2. d4 {[%clk 1:31:17]} d5 {[%clk
1:31:28]} 3. Nc3 {[%clk 1:31:35]} Nf6 {[%clk 1:31:40]} 4. e5 {[%clk 1:31:55]}
Nfd7 {[%clk 1:32:01]} 5. f4 {[%clk 1:31:42]} c5 {[%clk 1:32:10]} 6. Nf3 {[%clk
1:31:21]} Nc6 {[%clk 1:32:30]} 7. Be3 {[%clk 1:30:47]} a6 {[%clk 1:32:17]} 8.
Qd2 {[%clk 1:25:12]} b5 {[%clk 1:31:49]} 9. dxc5 {[%clk 1:24:22]} Bxc5 {[%clk
1:31:38]} 10. Bxc5 {[%clk 1:21:02]} Nxc5 {[%clk 1:31:42]} 11. Nd4 {[%clk
1:19:30]} Bd7 {[%clk 1:27:51]} 12. Nxc6 {[%clk 1:14:09]} Bxc6 {[%clk 1:27:18]}
13. Qd4 {[%clk 1:13:36]} Qe7 {[%clk 1:24:07]} 14. Bd3 {[%clk 1:10:28]} b4
{[%clk 1:11:13]} 15. Ne2 {[%clk 1:09:01]} Rb8 {[%clk 0:48:57]} 16. O-O {[%clk
1:05:40]} O-O {[%clk 0:42:17]} 17. Qe3 {[%clk 1:01:45]} Rfe8 {[%clk 0:27:28]}
18. Nd4 {[%clk 1:00:23]} Bd7 {[%clk 0:27:34]} 19. Rae1 {[%clk 0:55:37]} a5
{[%clk 0:20:46]} 20. f5 {[%clk 0:50:58]} exf5 {[%clk 0:20:05]} 21. Bxf5 {[%clk
0:47:20]} Ne6 {[%clk 0:15:30]} 22. Bxe6 {[%clk 0:42:29]} fxe6 {[%clk 0:15:30]}
23. Rf4 {[%clk 0:41:14]} Rf8 {[%clk 0:12:32]} 24. Ref1 {[%clk 0:38:52]} Rxf4
{[%clk 0:11:21]} 25. Qxf4 {[%clk 0:38:26]} Rc8 {[%clk 0:09:28]} 26. h4 {[%clk
0:21:00]} a4 {[%clk 0:06:38]} 27. Kh2 {[%clk 0:17:12]} Rf8 {[%clk 0:01:56]} 28.
Qxf8+ {[%clk 0:17:07]} Qxf8 {[%clk 0:02:24]} 29. Rxf8+ {[%clk 0:17:34]} Kxf8
{[%clk 0:02:52]} 30. Kg3 {[%clk 0:15:26]} Ke7 {[%clk 0:02:44]} 31. Kf4 {[%clk
0:14:18]} h6 {[%clk 0:02:29]} 32. Ke3 {[%clk 0:11:15]} Kd8 {[%clk 0:02:09]} 33.
Ne2 {[%clk 0:10:18]} Kc7 {[%clk 0:01:36]} 34. Kd4 {[%clk 0:09:35]} Kc6 {[%clk
0:01:38]} 35. Nf4 {[%clk 0:09:11]} Kb5 {[%clk 0:00:45]} 36. Nh5 {[%clk
0:08:25]} Be8 {[%clk 0:00:44]} 37. Nxg7 {[%clk 0:08:04]} Bf7 {[%clk 0:01:10]}
38. g4 {[%clk 0:06:37]} a3 {[%clk 0:00:40]} 39. bxa3 {[%clk 0:04:17]} bxa3
{[%clk 0:01:07]} 40. h5 {[%clk 0:02:17]} Kc6 {[%clk 0:00:47]} 41. g5 {[%clk
0:27:03]} hxg5 {[%clk 0:26:57]} 42. h6 {[%clk 0:27:22]} Bg6 {[%clk 0:25:27]}
43. Nxe6 {[%clk 0:27:24]} g4 {[%clk 0:23:44]} 44. Nf8 {[%clk 0:26:46]} g3
{[%clk 0:22:08]} 45. Ke3 {[%clk 0:25:55]} Bxc2 {[%clk 0:14:41]} 46. h7 {[%clk
0:25:49]} Bxh7 {[%clk 0:13:50]} 47. Nxh7 {[%clk 0:07:36]} d4+ {[%clk 0:13:40]}
48. Kf3 {[%clk 0:08:00]} d3 {[%clk 0:13:38]} 49. Ng5 {[%clk 0:08:23]} g2 {[%clk
0:03:19]} 50. Nh3 {[%clk 0:07:58]} Kd5 {[%clk 0:02:35]} 51. e6 {[%clk 0:01:26]}
Kxe6 {[%clk 0:01:34]} 52. Kxg2 {[%clk 0:00:59]} Kd5 {[%clk 0:01:31]} 53. Kf2
{[%clk 0:00:55]} Kc4 {[%clk 0:01:44]} 54. Nf4 {[%clk 0:00:36]} Kc3 {[%clk
0:01:58]} 55. Ke3 {[%clk 0:00:36]} Kb2 {[%clk 0:00:53]} 56. Kxd3 {[%clk
0:00:51]} Kxa2 {[%clk 0:01:10]} 57. Kc2 {[%clk 0:01:14]} Ka1 {[%clk 0:01:32]}
58. Nd3 {[%clk 0:01:10]} a2 {[%clk 0:01:47]} 59. Nf4 {[%clk 0:00:53]} 1/2-1/2

[Event "Deutsche Ländermeisterschaft 2022"]
[Site "Wiesbaden GER"]
[Date "2022.10.02"]
[Round "3"]
[White "Stelmaszyk, Nico"]
[Black "Krastev, Alexander"]
[Result "1-0"]
[Termination "normal"]
[Board "2.1"]
[WhiteTitle "FM"]
[BlackTitle "IM"]
[WhiteElo "2355"]
[BlackElo "2431"]
[WhiteClock "00:13:50"]
[BlackClock "00:23:44"]
[WhiteTeam "Niedersachsen"]
[BlackTeam "Nordrhein-Westfalen"]
[PlyCount "101"]
[WhiteFideId "16200462"]
[BlackFideId "12989983"]
[EventCountry "GER"]
[EventRounds "7"]
[EventType "team-swiss"]
[EventDate "2022.09.30"]

1. e4 {[%clk 1:30:57]} e5 {[%clk 1:30:48]} 2. Nf3 {[%clk 1:31:23]} Nc6 {[%clk
1:31:13]} 3. Bc4 {[%clk 1:31:49]} Nf6 {[%clk 1:31:39]} 4. d3 {[%clk 1:32:15]}
Be7 {[%clk 1:32:04]} 5. Nc3 {[%clk 1:32:40]} O-O {[%clk 1:31:50]} 6. O-O {[%clk
1:32:20]} d6 {[%clk 1:32:05]} 7. a3 {[%clk 1:32:45]} Be6 {[%clk 1:31:42]} 8.
Nd5 {[%clk 1:33:09]} Qd7 {[%clk 1:31:45]} 9. Bg5 {[%clk 1:32:44]} Ne8 10. c3
{[%clk 1:18:04]} Bd8 {[%clk 1:01:10]} 11. b4 {[%clk 0:58:59]} Kh8 {[%clk
0:57:51]} 12. Ne3 {[%clk 0:52:26]} f6 {[%clk 0:51:42]} 13. Bh4 {[%clk 0:50:38]}
g5 {[%clk 0:51:19]} 14. Bg3 {[%clk 0:50:27]} Ng7 {[%clk 0:51:44]} 15. d4 {[%clk
0:47:16]} Bxc4 {[%clk 0:51:45]} 16. Nxc4 {[%clk 0:47:40]} Qf7 {[%clk 0:52:08]}
17. Ne3 {[%clk 0:45:42]} h6 {[%clk 0:46:11]} 18. Qd3 {[%clk 0:44:04]} Ne7
{[%clk 0:44:25]} 19. c4 {[%clk 0:40:23]} exd4 {[%clk 0:26:37]} 20. Nxd4 {[%clk
0:38:39]} f5 {[%clk 0:27:04]} 21. f4 {[%clk 0:35:04]} g4 {[%clk 0:24:33]} 22.
Be1 {[%clk 0:28:58]} Qg6 {[%clk 0:20:35]} 23. exf5 {[%clk 0:21:42]} Ngxf5
{[%clk 0:21:00]} 24. Bc3 {[%clk 0:19:29]} Kh7 {[%clk 0:21:21]} 25. Nexf5 {[%clk
0:14:19]} Nxf5 {[%clk 0:21:46]} 26. Nxf5 {[%clk 0:14:37]} Qxf5 {[%clk 0:11:28]}
27. Qxf5+ {[%clk 0:14:55]} Rxf5 {[%clk 0:11:57]} 28. Rae1 {[%clk 0:14:55]} a5
{[%clk 0:10:58]} 29. Re8 {[%clk 0:05:14]} axb4 {[%clk 0:10:29]} 30. axb4 {[%clk
0:05:19]} Bf6 {[%clk 0:06:53]} 31. Rxa8 {[%clk 0:05:28]} Bxc3 {[%clk 0:07:20]}
32. Re8 {[%clk 0:04:08]} Bxb4 {[%clk 0:05:24]} 33. Re7+ {[%clk 0:04:33]} Kg6
{[%clk 0:05:50]} 34. Rxc7 {[%clk 0:04:58]} Bc5+ {[%clk 0:06:08]} 35. Kh1 {[%clk
0:05:23]} b6 {[%clk 0:06:35]} 36. g3 {[%clk 0:02:18]} Rf8 {[%clk 0:07:02]} 37.
Re7 {[%clk 0:02:00]} Kf5 {[%clk 0:05:24]} 38. Rh7 {[%clk 0:01:40]} Ke4 {[%clk
0:02:21]} 39. Rxh6 {[%clk 0:01:33]} Kd3 {[%clk 0:02:48]} 40. Rg6 {[%clk
0:00:53]} Kxc4 {[%clk 0:03:12]} 41. f5 {[%clk 0:28:56]} d5 {[%clk 0:33:15]} 42.
f6 {[%clk 0:28:47]} d4 {[%clk 0:33:18]} 43. Rxg4 {[%clk 0:28:36]} Kc3 {[%clk
0:33:08]} 44. Rg7 {[%clk 0:17:09]} Rd8 {[%clk 0:29:43]} 45. f7 {[%clk 0:15:21]}
d3 {[%clk 0:29:10]} 46. Rg8 {[%clk 0:15:45]} Bf8 {[%clk 0:28:28]} 47. g4 {[%clk
0:14:22]} d2 {[%clk 0:28:24]} 48. Kg2 {[%clk 0:13:56]} Kc2 {[%clk 0:23:00]} 49.
g5 {[%clk 0:13:59]} d1=Q {[%clk 0:23:24]} 50. Rxd1 {[%clk 0:14:25]} Kxd1 {[%clk
0:23:44]} 51. Rxf8 {[%clk 0:13:50]} 1-0

[Event "Deutsche Ländermeisterschaft 2022"]
[Site "Wiesbaden GER"]
[Date "2022.10.02"]
[Round "3"]
[White "Leonard, Timo"]
[Black "Pubantz, Jan"]
[Result "1/2-1/2"]
[Termination "normal"]
[Board "2.2"]
[WhiteElo "2067"]
[BlackElo "2273"]
[WhiteClock "00:00:38"]
[BlackClock "00:00:35"]
[WhiteTeam "Nordrhein-Westfalen"]
[BlackTeam "Niedersachsen"]
[PlyCount "127"]
[WhiteFideId "16208757"]
[BlackFideId "12996114"]
[EventCountry "GER"]
[EventRounds "7"]
[EventType "team-swiss"]
[EventDate "2022.09.30"]

1. d4 {[%clk 1:30:57]} d5 {[%clk 1:30:59]} 2. c4 {[%clk 1:31:18]} c6 {[%clk
1:31:26]} 3. cxd5 {[%clk 1:31:44]} cxd5 {[%clk 1:31:53]} 4. Nc3 {[%clk
1:32:07]} Nf6 {[%clk 1:32:03]} 5. Bf4 {[%clk 1:32:27]} Nc6 {[%clk 1:32:25]} 6.
Nf3 {[%clk 1:32:51]} Bf5 {[%clk 1:32:16]} 7. Qb3 {[%clk 1:31:10]} Na5 {[%clk
1:32:27]} 8. Qa4+ {[%clk 1:31:30]} Bd7 {[%clk 1:32:51]} 9. Qc2 {[%clk 1:31:48]}
e6 {[%clk 1:33:02]} 10. e3 {[%clk 1:28:56]} Bb4 {[%clk 1:32:49]} 11. a3 {[%clk
1:02:55]} Be7 {[%clk 1:30:11]} 12. Ne5 {[%clk 1:01:53]} Rc8 {[%clk 1:28:30]}
13. Bd3 {[%clk 1:01:00]} Nc4 {[%clk 1:22:45]} 14. O-O {[%clk 0:58:02]} Nh5
{[%clk 0:56:52]} 15. Qe2 {[%clk 0:52:41]} Nxf4 {[%clk 0:53:36]} 16. exf4 {[%clk
0:52:03]} Nxe5 {[%clk 0:48:52]} 17. fxe5 {[%clk 0:52:07]} Qb6 {[%clk 0:48:27]}
18. Qg4 {[%clk 0:28:36]} g5 {[%clk 0:44:28]} 19. Ne2 {[%clk 0:24:14]} Qxb2
{[%clk 0:40:56]} 20. Qh5 {[%clk 0:21:32]} Ba4 {[%clk 0:34:51]} 21. Rac1 {[%clk
0:12:51]} Rxc1 {[%clk 0:30:31]} 22. Rxc1 {[%clk 0:13:18]} Qd2 {[%clk 0:28:49]}
23. Qf3 {[%clk 0:11:22]} Kd7 {[%clk 0:21:37]} 24. h4 {[%clk 0:06:47]} h6 {[%clk
0:12:36]} 25. Bf5 {[%clk 0:04:59]} Bc6 {[%clk 0:11:07]} 26. Bg4 {[%clk
0:05:14]} Rf8 {[%clk 0:10:20]} 27. Qb3 {[%clk 0:02:51]} Qa5 {[%clk 0:09:11]}
28. Rc3 {[%clk 0:02:17]} f5 {[%clk 0:05:12]} 29. exf6 {[%clk 0:02:41]} Rxf6
{[%clk 0:05:40]} 30. Bf3 {[%clk 0:01:47]} gxh4 {[%clk 0:04:57]} 31. Nc1 {[%clk
0:01:03]} Qb6 {[%clk 0:04:19]} 32. Qxb6 {[%clk 0:01:11]} axb6 {[%clk 0:04:46]}
33. Nd3 {[%clk 0:01:20]} Bd6 {[%clk 0:04:57]} 34. Bg4 {[%clk 0:01:07]} Bb5
{[%clk 0:04:44]} 35. f3 {[%clk 0:00:37]} Rf8 {[%clk 0:03:48]} 36. Nb4 {[%clk
0:00:34]} Bc4 {[%clk 0:02:27]} 37. Re3 {[%clk 0:01:00]} Rf6 {[%clk 0:01:56]}
38. Nd3 {[%clk 0:01:20]} Bxd3 {[%clk 0:01:44]} 39. Rxd3 {[%clk 0:01:47]} Bf4
{[%clk 0:01:11]} 40. Kf1 {[%clk 0:00:43]} Kc6 {[%clk 0:00:37]} 41. Rc3+ {[%clk
0:23:53]} Kb5 {[%clk 0:28:51]} 42. Ke2 {[%clk 0:23:49]} Ka4 {[%clk 0:24:32]}
43. Kd3 {[%clk 0:21:58]} b5 {[%clk 0:19:09]} 44. Rc8 {[%clk 0:18:41]} Kxa3
{[%clk 0:16:28]} 45. Ra8+ {[%clk 0:19:05]} Kb2 {[%clk 0:15:17]} 46. Re8 {[%clk
0:17:32]} e5 {[%clk 0:07:28]} 47. dxe5 {[%clk 0:17:16]} Rc6 {[%clk 0:06:45]}
48. Kd4 {[%clk 0:10:58]} Rc2 {[%clk 0:06:32]} 49. Kxd5 {[%clk 0:10:48]} Rxg2
{[%clk 0:06:14]} 50. Ke4 {[%clk 0:09:32]} Bd2 {[%clk 0:02:56]} 51. Rb8 {[%clk
0:07:41]} Rg3 {[%clk 0:01:33]} 52. Rxb7 {[%clk 0:07:50]} h3 {[%clk 0:01:23]}
53. Rxb5+ {[%clk 0:07:59]} Kc2 {[%clk 0:01:28]} 54. e6 {[%clk 0:04:04]} Bg5
{[%clk 0:01:07]} 55. Bxh3 {[%clk 0:02:48]} Rxh3 {[%clk 0:01:24]} 56. f4 {[%clk
0:02:23]} Be7 {[%clk 0:01:10]} 57. Rb7 {[%clk 0:01:57]} Ba3 {[%clk 0:01:02]}
58. Rc7+ {[%clk 0:01:48]} Kd2 {[%clk 0:01:04]} 59. Rd7+ {[%clk 0:01:41]} Ke2
{[%clk 0:01:15]} 60. f5 {[%clk 0:01:28]} Rh4+ {[%clk 0:01:01]} 61. Ke5 {[%clk
0:01:09]} Ke3 {[%clk 0:01:03]} 62. Kf6 {[%clk 0:01:00]} Re4 {[%clk 0:00:51]}
63. Kf7 {[%clk 0:00:46]} h5 {[%clk 0:00:35]} 64. f6 {[%clk 0:00:38]} *